00734nam a22001937a 450000500170000000800410001702000180005804000570007604100080013310000240014124500440016526000530020930000580026250400530032060000390037360000320041260000390044465100570048320140903174956.0131209s2011 sp ao frn 001 0dspa c a9788499700809 aCO-BoUCMbspacAngélica RojasdAldemar Mondragón00aspa1 aRamírez, Pedro J.13aEl primer naufragiocPedro J. Ramírez aMadrid (España)bLa Esfera de los Librosc2011 a1296 páginasbilustraciones y fotografías a color aIncluye referencias bibliográficas e índices14aDanton, Georges Jacquesd1759-179414aMarat, Jean-Pauld1743-179314aRobespierre, Maximiliend1758-1794 4aFranciaxHistoriay1792-1795 (Convención nacional)